| 000 | 01197nam2a22002531 4500 | ||
|---|---|---|---|
| 001 | RU\NLR\INFOCOMM4\1000607704 | ||
| 005 | 20250617004302.0 | ||
| 035 | _a(NLR Aleph) 002321690 | ||
| 090 |
_a4394539 _c4394539 |
||
| 100 | _a20041013d1969 |||y0rusy50 ca | ||
| 101 | 0 | _arus | |
| 102 | _aRU | ||
| 105 | _ay ||||||||| | ||
| 200 | 1 | _aЭкология вредных и полезных насекомых и борьба с вредителями в условиях Пензенской области | |
| 210 |
_d1969 _aБ. м. |
||
| 225 | 1 |
_aТруды кафедры зоологии _fПенз. гос. пед. ин-т им. В.Г. Белинского |
|
| 461 | 0 |
_1001RU\NLR\INFOCOMM4\1000607628 _12001#$aУченые записки$fРязан. гос. пед. ин-т$gРед. коллегия. Ред. В.И. Попов$vТ.76 _94393990 _aРязанский педагогический институт им. С.А. Есенина _cРязань _d1939- _fРязан. гос. пед. ин-т _tУченые записки _vТ.76 |
|
| 801 | 1 |
_aRU _bInfoComm _c20041013 |
|
| 801 | 0 |
_aRU _bNLR _gPSBO |
|
| 852 |
_aNLR _jП28/426 |
||
| 942 | _cISSUE | ||
| 980 | _aNB | ||
| 980 | _aRUSPER | ||